| 000 | 00000cas 2200000zi 4500 |
| 001 | 9.962967 |
| 003 | CaOODSP |
| 005 | 20260525142304 |
| 006 | m o d f |
| 007 | cr cn |||||||| |
| 008 | 260521d19831984oncmx p o f0### 0fre|d |
| 022 | |y0822-4242 |
| 040 | |aCaOODSP|bfre|erda|cCaOODSP |
| 043 | |an-cn--- |
| 086 | 1 |aMe21-3F-PDF |
| 245 | 00|aMétrique. |
| 264 | 1|aOttawa (Ontario) : |bCommission du système métrique Canada |
| 310 | |aDix fois par année |
| 336 | |atexte|btxt|2rdacontent/fre |
| 337 | |ainformatique|bc|2rdamedia/fre |
| 338 | |aressource en ligne|bcr|2rdacarrier/fre |
| 362 | 1 |aParaît depuis juin 1983? Ne paraît plus après octobre 1984? |
| 500 | |aPublié aussi en anglais sous le titre : Metric. |
| 500 | |aÉdition numérisée de l'imprimé [par Innovation, sciences et développement économique Canada]. |
| 588 | |aDescription d'après : Janvier 1984; titre de départ du fichier PDF. |
| 588 | |aDernière livraison consultée : Octobre 1984. |
| 650 | 6|aSystème métrique|zCanada|vPériodiques. |
| 655 | 7|aPériodiques|2rvmgf |
| 710 | 2 |aCommission du système métrique Canada, |eorganisme de publication. |
| 775 | 08|tMetric.|w(CaOODSP)9.962968 |
| 780 | 00|tMoniteur métrique.|w(CaOODSP)9.962964 |